[Event "4NCL/Div4/SXM vs. NOTT"]
[Site "West Bromwich ENG"]
[Date "2004.05.30"]
[Round "8.6"]
[White "Graham, Neil"]
[Black "Fryer, Kieran"]
[Result "1-0"]
[WhiteElo "1736"]
[BlackElo "872"]
[PlyCount "55"]
[EventDate "2004.05.30"]

1. d4 d5 2. e4 e6 3. Nc3 Bb4 4. e5 Ne7 5. Bd3 O-O 6. Nf3 b6 7. Bxh7+ Kh8 8. Bd3
c5 9. Ng5 g6 10. Qg4 Kg7 11. O-O Nbc6 12. Qf4 Ng8 13. Qh4 Nh6 14. Qxh6+ Kxh6
15. Nxf7+ Kh7 16. Nxd8 Rxd8 17. dxc5 bxc5 18. Bf4 d4 19. Ne4 Rd5 20. Nf6+ Kg7
21. Nxd5 exd5 22. Rac1 c4 23. Be2 c3 24. bxc3 dxc3 25. Bf3 Be6 26. Rfd1 Ba3 27.
Rb1 d4 28. Bxc6 1-0

[Event "4NCL/Div4/MET vs. PPA2"]
[Site "West Bromwich ENG"]
[Date "2004.05.30"]
[Round "8.1"]
[White "Dunn, Alan"]
[Black "Winfridsson, Håkan"]
[Result "0-1"]
[WhiteElo "2111"]
[BlackElo "2175"]
[PlyCount "100"]
[EventDate "2004.05.30"]

1. e4 e5 2. Nf3 Nc6 3. d4 exd4 4. Nxd4 Bb4+ 5. c3 Be7 6. Nxc6 dxc6 7. Qxd8+
Bxd8 8. Bf4 Be6 9. Nd2 Nf6 10. f3 O-O 11. Bc4 Bc8 12. a4 b6 13. Nb3 Re8 14. O-O
Bb7 15. Nd4 Nd7 16. a5 a6 17. b4 b5 18. Be2 c5 19. Nf5 c4 20. Rad1 Nf8 21. Bg3
Ne6 22. e5 g6 23. Nd4 c5 24. Nxe6 fxe6 25. f4 Be7 26. Rd7 Bd5 27. Bd1 Bf8 28.
Bf3 Red8 29. Rc7 Rac8 30. Rxc8 Rxc8 31. bxc5 Bxc5+ 32. Kh1 Be7 33. Bxd5 exd5
34. Bf2 b4 35. Bd4 bxc3 36. Bxc3 Bc5 37. Ba1 d4 38. g4 c3 39. f5 gxf5 40. gxf5
Kf7 41. Rb1 Rc7 42. Rb3 Be7 43. Kg2 Bg5 44. Kf3 c2 45. Bb2 Rc3+ 46. Bxc3 c1=Q
47. Rb7+ Ke8 48. Rb8+ Kd7 49. Bb4 Qf4+ 50. Kg2 Qg4+ 0-1

[Event "4NCL/Div4/MET vs. PPA2"]
[Site "West Bromwich ENG"]
[Date "2004.05.30"]
[Round "8.2"]
[White "Waddington, Michael P"]
[Black "Noden, Nicolas"]
[Result "0-1"]
[WhiteElo "2156"]
[BlackElo "2176"]
[PlyCount "58"]
[EventDate "2004.05.30"]

1. Nc3 c5 2. e4 Nc6 3. Nf3 e6 4. d4 cxd4 5. Nxd4 d6 6. Be3 Nf6 7. Be2 Be7 8. g4
a6 9. g5 Nd7 10. h4 Qc7 11. Qd2 b5 12. a3 Rb8 13. h5 b4 14. axb4 Nxb4 15. Rg1
Ne5 16. b3 Bd7 17. f4 Nec6 18. O-O-O O-O 19. g6 Bf6 20. gxf7+ Kh8 21. h6 g6 22.
Nxc6 Qxc6 23. Bc4 Rxf7 24. Bd4 e5 25. Bf2 d5 26. exd5 Qd6 27. Ne4 Qc7 28. Nxf6
Qxc4 29. Kb1 Nxc2 0-1

[Event "4NCL/Div4/MET vs. PPA2"]
[Site "West Bromwich ENG"]
[Date "2004.05.30"]
[Round "8.3"]
[White "Calvert, D Ian"]
[Black "Goodger, Martyn"]
[Result "1/2-1/2"]
[WhiteElo "2048"]
[BlackElo "2138"]
[PlyCount "63"]
[EventDate "2004.05.30"]

1. b3 e5 2. Bb2 Nc6 3. e3 Nf6 4. Nf3 e4 5. Nd4 Nxd4 6. Bxd4 Be7 7. c4 O-O 8.
Nc3 c5 9. Bxf6 Bxf6 10. Qc2 d5 11. cxd5 Bxc3 12. dxc3 Qxd5 13. Bc4 Qe5 14.
O-O-O Be6 15. Bxe6 Qxe6 16. c4 Rfd8 17. Rxd8+ Rxd8 18. Rd1 Rxd1+ 19. Qxd1 Qf6
20. Kb1 g6 21. Qd2 b6 22. a3 a5 23. a4 h5 24. Qe2 Qc3 25. Ka2 Qe5 26. h4 Qf6
27. g3 Kg7 28. Qd2 Kf8 29. Kb1 Kg7 30. Ka2 Qf3 31. Kb1 Qf6 32. Ka2 1/2-1/2

[Event "4NCL/Div4/MET vs. PPA2"]
[Site "West Bromwich ENG"]
[Date "2004.05.30"]
[Round "8.4"]
[White "Young, Craig A"]
[Black "Djabri, Zafer M"]
[Result "1-0"]
[WhiteElo "2109"]
[BlackElo "2036"]
[PlyCount "89"]
[EventDate "2004.05.30"]

1. d4 d5 2. Nf3 Nf6 3. c4 dxc4 4. Nc3 a6 5. a4 Nc6 6. e4 Bg4 7. Be3 e5 8. d5
Na5 9. Qc2 Bxf3 10. gxf3 Bb4 11. Be2 O-O 12. O-O Qd7 13. Na2 Bd6 14. Bxc4 Nxc4
15. Qxc4 Qh3 16. Qe2 Nh5 17. Kh1 f5 18. Rg1 fxe4 19. fxe4 Rf3 20. Rg2 Raf8 21.
Rag1 g6 22. Nc3 Be7 23. Nb1 Bb4 24. Qc4 Ba5 25. d6+ Kg7 26. dxc7 Rc8 27. Qd5
Bxc7 28. Qxb7 Nf6 29. Nd2 Rxe3 30. fxe3 Qe6 31. Rc1 Ne8 32. Nf1 Kh6 33. Ng3 Rb8
34. Qa7 Qb6 35. Qxb6 Bxb6 36. Rc6 Kg7 37. Nf5+ Kf7 38. Nd6+ Nxd6 39. Rxd6 Bxe3
40. Rxa6 Bd4 41. Rc2 Rb7 42. Rac6 Rb4 43. a5 Ra4 44. a6 Kg7 45. b3 1-0

[Event "4NCL/Div4/MET vs. PPA2"]
[Site "West Bromwich ENG"]
[Date "2004.05.30"]
[Round "8.5"]
[White "Dickson, George"]
[Black "Winfridsson, Ola"]
[Result "1/2-1/2"]
[WhiteElo "1928"]
[BlackElo "2057"]
[PlyCount "66"]
[EventDate "2004.05.30"]

1. d4 Nf6 2. Nf3 d5 3. Bf4 c5 4. c3 Nc6 5. e3 cxd4 6. exd4 Bg4 7. Be2 e6 8.
Nbd2 Bd6 9. Ne5 Bxe2 10. Qxe2 Qc7 11. Bg3 O-O 12. O-O Ne7 13. Nd3 Bxg3 14. hxg3
Nf5 15. g4 Nd6 16. Nc5 b6 17. g5 Nfe8 18. Nd3 Nc4 19. f4 Nxd2 20. Qxd2 Nd6 21.
Rf3 Ne4 22. Qe2 Rae8 23. Rh3 g6 24. g3 f6 25. gxf6 Rxf6 26. Kg2 Qc4 27. Rah1
Re7 28. Nc1 Qxe2+ 29. Nxe2 Rg7 30. Rh6 g5 31. Rxf6 Nxf6 32. Rh6 Kf7 33. fxg5
Rxg5 1/2-1/2

[Event "4NCL/Div4/MET vs. PPA2"]
[Site "West Bromwich ENG"]
[Date "2004.05.30"]
[Round "8.6"]
[White "Retallick, Lloyd"]
[Black "McGuiness, Andrew E"]
[Result "1/2-1/2"]
[WhiteElo "1952"]
[BlackElo "1776"]
[PlyCount "91"]
[EventDate "2004.05.30"]

1. d4 c5 2. d5 b5 3. c4 bxc4 4. e4 d6 5. Bxc4 Nd7 6. Nf3 Rb8 7. O-O g6 8. Nc3
Bg7 9. Bb5 Nh6 10. Bf4 O-O 11. Bxd7 Bxd7 12. Qd2 Ng4 13. h3 Ne5 14. Nxe5 dxe5
15. Be3 Qa5 16. Rfc1 Rfc8 17. Rc2 f5 18. f3 f4 19. Bf2 g5 20. Rac1 c4 21. a3
Rb3 22. Nb1 Qa6 23. Rc3 Rcb8 24. Rxb3 Rxb3 25. Rc3 Qb7 26. Rxb3 Qxb3 27. Bxa7
h5 28. Nc3 g4 29. hxg4 hxg4 30. fxg4 Bxg4 31. Bc5 Bf6 32. d6 exd6 33. Qxd6 Bg7
34. Nd5 Qd1+ 35. Kh2 Qe1 36. Nf6+ Kf7 37. Qe7+ Kg6 38. Qe8+ Kg5 39. Nxg4 Qg3+
40. Kg1 Qxg4 41. Qf7 Qd1+ 42. Kh2 Kh6 43. Bf2 Qe2 44. Qe6+ Kh7 45. Qf5+ Kh8 46.
Qc8+ 1/2-1/2

[Event "4NCL/Div4/HKF3 vs. CHED"]
[Site "West Bromwich ENG"]
[Date "2004.05.30"]
[Round "8.1"]
[White "Giles, Benjamin"]
[Black "Shaw, Robert"]
[Result "0-1"]
[WhiteElo "2075"]
[BlackElo "2319"]
[PlyCount "48"]
[EventDate "2004.05.30"]

1. d4 Nf6 2. c4 g6 3. Nc3 Bg7 4. e4 d6 5. f4 c5 6. d5 O-O 7. Nf3 e6 8. Be2 exd5
9. cxd5 Re8 10. e5 dxe5 11. fxe5 Ng4 12. Bg5 f6 13. exf6 Bxf6 14. Bxf6 Qxf6 15.
Qa4 Bd7 16. Qb3 b5 17. Nxb5 c4 18. Qxc4 Qxb2 19. d6+ Re6 20. Nc7 Qxa1+ 21. Kd2
Qb2+ 22. Ke1 Ne3 23. Qd3 Nxg2+ 24. Kf2 Nf4 0-1

[Event "4NCL/Div4/HKF3 vs. CHED"]
[Site "West Bromwich ENG"]
[Date "2004.05.30"]
[Round "8.2"]
[White "Richardson, Alex"]
[Black "Forman, Karl L"]
[Result "1-0"]
[WhiteElo "2091"]
[BlackElo "2028"]
[PlyCount "39"]
[EventDate "2004.05.30"]

1. c4 e5 2. g3 Nf6 3. Bg2 c6 4. d4 exd4 5. Qxd4 Na6 6. Nf3 Bb4+ 7. Bd2 O-O 8.
O-O Re8 9. Nc3 Bxc3 10. Bxc3 Rxe2 11. Ne5 Qb6 12. Qd1 Rxb2 13. Nd3 d5 14. Nxb2
Bg4 15. Qd2 Nc5 16. Bxf6 gxf6 17. cxd5 cxd5 18. Qxd5 h5 19. Rfe1 Rd8 20. Rac1
1-0

[Event "4NCL/Div4/HKF3 vs. CHED"]
[Site "West Bromwich ENG"]
[Date "2004.05.30"]
[Round "8.3"]
[White "Bullock, Andrew"]
[Black "Edwards, Simon R"]
[Result "1-0"]
[WhiteElo "1672"]
[BlackElo "2042"]
[PlyCount "79"]
[EventDate "2004.05.30"]

1. c4 Nf6 2. Nc3 e6 3. Nf3 d5 4. d3 Be7 5. Bf4 a6 6. g3 O-O 7. Bg2 c5 8. cxd5
exd5 9. Nd2 Be6 10. O-O Nbd7 11. Rc1 Rc8 12. Nb3 b5 13. a3 Qb6 14. Kh1 Rfd8 15.
e4 dxe4 16. Nxe4 Nxe4 17. dxe4 Bc4 18. Rxc4 bxc4 19. Nd2 Qxb2 20. Nxc4 Qc3 21.
Qa4 Nf6 22. Nb6 Rd4 23. Qxa6 Re8 24. e5 Ng4 25. h3 g5 26. Nd5 Rxd5 27. Bxd5
gxf4 28. hxg4 Qxe5 29. Qc4 Rf8 30. gxf4 Qf6 31. Kg2 Bd6 32. f5 Rb8 33. Rd1 Rb2
34. Bxf7+ Kg7 35. Be8 Qh4 36. Qc3+ Kf8 37. Qh8+ Ke7 38. f6+ Ke6 39. Qg8+ Ke5
40. Qd5+ 1-0

[Event "4NCL/Div4/HKF3 vs. CHED"]
[Site "West Bromwich ENG"]
[Date "2004.05.30"]
[Round "8.4"]
[White "Acey, Gerald"]
[Black "Parmar, Amisha"]
[Result "1-0"]
[WhiteElo "2008"]
[BlackElo "1384"]
[PlyCount "55"]
[EventDate "2004.05.30"]

1. d4 Nf6 2. c4 g6 3. Nc3 Bg7 4. e4 d6 5. f4 c5 6. d5 e6 7. Nf3 exd5 8. cxd5
O-O 9. Be2 Re8 10. e5 dxe5 11. fxe5 Ng4 12. O-O Nxe5 13. Bf4 Nbd7 14. d6 Ng4
15. Nd5 Rb8 16. Ng5 Bd4+ 17. Kh1 Nf2+ 18. Rxf2 Bxf2 19. Ne7+ Kg7 20. Qb3 Rf8
21. Bc4 Qe8 22. Rf1 b5 23. Rxf2 bxc4 24. Qc3+ f6 25. Ne6+ Kf7 26. Nc7 Nb6 27.
Nxe8 Rxe8 28. Bg5 1-0

[Event "4NCL/Div4/HKF3 vs. CHED"]
[Site "West Bromwich ENG"]
[Date "2004.05.30"]
[Round "8.5"]
[White "Rhodes, Peter"]
[Black "Yee, John Y"]
[Result "1/2-1/2"]
[WhiteElo "1064"]
[BlackElo "1768"]
[PlyCount "126"]
[EventDate "2004.05.30"]

1. Nf3 Nf6 2. g3 d5 3. Bg2 Bf5 4. c4 e6 5. O-O Nc6 6. cxd5 exd5 7. d3 Bc5 8.
Nc3 d4 9. Na4 Bd6 10. e4 Bg4 11. Qe1 Bxf3 12. Bxf3 O-O 13. b3 Re8 14. Qd1 Rb8
15. Nb2 Nd7 16. Nc4 Nde5 17. Bg2 Nxc4 18. bxc4 Qd7 19. f4 f6 20. Bf3 a6 21. Rb1
Qe7 22. Kg2 Ba3 23. Rf2 Bxc1 24. Qxc1 Qd7 25. Rfb2 b6 26. Qd1 Na7 27. h3 b5 28.
Bg4 Qd6 29. cxb5 axb5 30. Qb3+ Kf8 31. Qb4 Qxb4 32. Rxb4 c5 33. R4b2 Re7 34.
Rc2 Rc7 35. Rbc1 c4 36. dxc4 bxc4 37. Rxc4 Rxc4 38. Rxc4 Rb2+ 39. Kf1 Rxa2 40.
Rxd4 Nb5 41. Rd8+ Ke7 42. Rd7+ Kf8 43. Be6 Ra7 44. Rxa7 Nxa7 45. Ke2 Nb5 46.
Ke3 Ke7 47. Bb3 Kd6 48. Bc4 Na7 49. h4 Nc6 50. g4 h6 51. Bb5 Ne7 52. Be8 Kc5
53. g5 hxg5 54. hxg5 fxg5 55. fxg5 Kd6 56. Kf4 Ke6 57. Bh5 g6 58. Be2 Nc6 59.
Bc4+ Ke7 60. e5 Nd4 61. Ke4 Nf5 62. Ba6 Ng7 63. Bc8 Ne8 1/2-1/2

[Event "4NCL/Div4/HKF3 vs. CHED"]
[Site "West Bromwich ENG"]
[Date "2004.05.30"]
[Round "8.6"]
[White "Whitfield, Craig M"]
[Black "Parmar, Jyoti"]
[Result "1-0"]
[WhiteElo "1336"]
[BlackElo "928"]
[PlyCount "58"]
[EventDate "2004.05.30"]

1. e4 c5 2. Nf3 d6 3. d4 cxd4 4. Nxd4 Nf6 5. Nc3 g6 6. Be3 Bg7 7. f3 O-O 8. Qd2
Nc6 9. O-O-O Nxd4 10. Bxd4 Be6 11. Be3 Re8 12. Bh6 Bh8 13. Bb5 Nd7 14. h3 a6
15. Bxd7 Qxd7 16. f4 Red8 17. Rhg1 Rac8 18. Nd5 Rc5 19. Bg5 Re8 20. Qe2 b5 21.
Bh4 a5 22. Bf2 Rc6 23. a3 b4 24. axb4 axb4 25. Qf3 Rec8 26. Rd2 Qb7 27. Qe2 b3
28. c3 Qa8 29. Qd3 Qa4 1-0

[Event "4NCL/Div4/CAMB vs. MET"]
[Site "West Bromwich ENG"]
[Date "2004.05.31"]
[Round "9.1"]
[White "Mah, Karl C C"]
[Black "Dunn, Alan"]
[Result "1-0"]
[WhiteElo "2424"]
[BlackElo "2111"]
[PlyCount "79"]
[EventDate "2004.05.31"]

1. c4 Nf6 2. Nc3 g6 3. e4 d6 4. g3 Bg7 5. Bg2 c5 6. Nge2 Nc6 7. d3 O-O 8. h3
Bd7 9. O-O Rb8 10. Be3 a6 11. Rc1 Ne8 12. d4 cxd4 13. Nxd4 Nxd4 14. Bxd4 b5 15.
cxb5 axb5 16. Nd5 Be6 17. Rc2 Bxd5 18. exd5 b4 19. b3 Nf6 20. Re1 Re8 21. Qd2
Qa5 22. a4 Nd7 23. Bxg7 Kxg7 24. Bf1 Nc5 25. Re3 Kf8 26. Bb5 Rxb5 27. axb5 Qxb5
28. Rc4 Rb8 29. Qd4 f6 30. Qf4 Qd7 31. Qh6+ Kg8 32. Rh4 e5 33. dxe6 Qe7 34. Rd4
Ra8 35. Qf4 d5 36. Rxd5 Ra1+ 37. Kh2 Qb7 38. Qxf6 Qxd5 39. Qf7+ Kh8 40. Qf8#
1-0

[Event "4NCL/Div4/CAMB vs. MET"]
[Site "West Bromwich ENG"]
[Date "2004.05.31"]
[Round "9.3"]
[White "Moskovic, David M"]
[Black "Calvert, D Ian"]
[Result "1-0"]
[WhiteElo "2274"]
[BlackElo "2048"]
[PlyCount "43"]
[EventDate "2004.05.31"]

1. e4 d5 2. exd5 Nf6 3. Nf3 Qxd5 4. d4 Bg4 5. Be2 e6 6. c4 Qd8 7. Qb3 Qc8 8. h3
Bh5 9. O-O Be7 10. Nc3 O-O 11. Bf4 c6 12. Rac1 Rd8 13. Rfd1 Nbd7 14. a3 b6 15.
g4 Bg6 16. Nh4 a6 17. Nxg6 hxg6 18. Bf3 Ra7 19. Na4 Qb7 20. d5 cxd5 21. cxd5
Nc5 22. Nxc5 1-0

[Event "4NCL/Div4/CAMB vs. MET"]
[Site "West Bromwich ENG"]
[Date "2004.05.31"]
[Round "9.4"]
[White "Djabri, Zafer M"]
[Black "Mutton, Jonathan B"]
[Result "0-1"]
[WhiteElo "2036"]
[BlackElo "2186"]
[PlyCount "70"]
[EventDate "2004.05.31"]

1. c4 e5 2. Nc3 Nc6 3. Nf3 f5 4. d4 e4 5. Ng5 Bb4 6. g3 Qf6 7. a3 Bxc3+ 8. bxc3
d6 9. Nh3 Nge7 10. Bg2 Qf7 11. Qb3 b6 12. Ng5 Qf6 13. O-O Na5 14. Qc2 h6 15.
Nh3 O-O 16. c5 dxc5 17. dxc5 bxc5 18. f3 exf3 19. Bxf3 Rb8 20. Bf4 Rb3 21. Bxc7
Rxc3 22. Qa4 Nc4 23. Rac1 Nd2 24. Ba5 Nxf3+ 25. exf3 Rxc1 26. Rxc1 Nc6 27. Qc4+
Kh7 28. Qxc5 Nd4 29. Rf1 Bb7 30. Kg2 Rc8 31. Qxa7 Rc2+ 32. Rf2 Bxf3+ 33. Kg1
Ne2+ 34. Rxe2 Rxe2 35. Nf4 Qa1+ 0-1

[Event "4NCL/Div4/CAMB vs. MET"]
[Site "West Bromwich ENG"]
[Date "2004.05.31"]
[Round "9.5"]
[White "Churm, Rohan M"]
[Black "Dickson, George"]
[Result "1/2-1/2"]
[WhiteElo "2172"]
[BlackElo "1928"]
[PlyCount "67"]
[EventDate "2004.05.31"]

1. e4 d6 2. Nc3 Nf6 3. d4 g6 4. Bg5 Bg7 5. f4 c6 6. Qd2 h6 7. Bh4 Na6 8. O-O-O
Qa5 9. e5 Nd5 10. Nxd5 Qxd2+ 11. Rxd2 cxd5 12. exd6 exd6 13. Bxa6 bxa6 14. Re2+
Be6 15. Nf3 Kd7 16. h3 Rhe8 17. g4 f5 18. Rhe1 g5 19. gxf5 Bxf5 20. fxg5 Rxe2
21. Rxe2 Bxh3 22. gxh6 Bxh6+ 23. Bg5 Bg4 24. Re7+ Kc6 25. Bxh6 Bxf3 26. Rf7 Be4
27. Bf4 Rg8 28. Rxa7 Rg2 29. Rxa6+ Kb7 30. Ra3 Rxc2+ 31. Kd1 Rxb2 32. Bxd6 Kc6
33. Bc5 Kb5 34. Rb3+ 1/2-1/2

[Event "4NCL/Div4/CAMB vs. MET"]
[Site "West Bromwich ENG"]
[Date "2004.05.31"]
[Round "9.6"]
[White "McGuiness, Andrew E"]
[Black "Garner, David"]
[Result "0-1"]
[WhiteElo "1776"]
[BlackElo "2168"]
[PlyCount "104"]
[EventDate "2004.05.31"]

1. e4 e6 2. d3 c5 3. g3 Nc6 4. Bg2 g6 5. Ne2 Bg7 6. Nbc3 Nge7 7. Be3 Nd4 8. Qd2
d6 9. Nd1 e5 10. c3 Nxe2 11. Qxe2 O-O 12. Qd2 Be6 13. O-O Qd7 14. f4 Rac8 15.
c4 Nc6 16. f5 gxf5 17. Bh6 f6 18. Nf2 Nd4 19. exf5 Bxf5 20. Ne4 Bg6 21. Rf2 f5
22. Bxg7 Kxg7 23. Ng5 h6 24. Nf3 Nxf3+ 25. Rxf3 Qe7 26. Raf1 Rf7 27. R3f2 Qg5
28. Qc3 Rcf8 29. b4 Qe3 30. Re1 Qd4 31. Qxd4 cxd4 32. Bd5 Re7 33. Ref1 Rfe8 34.
g4 fxg4 35. Rf6 Bxd3 36. Rf7+ Kg6 37. R1f6+ Kg5 38. Rxd6 Rxf7 39. Bxf7 Rf8 40.
Rd7 Be4 41. b5 Kf6 42. Bh5 Ke6 43. Bxg4+ Bf5 44. Bxf5+ Rxf5 45. Rd8 Rf3 46. c5
Rc3 47. Rd6+ Kf5 48. c6 bxc6 49. bxc6 Ke4 50. Rxh6 d3 51. Kf1 Rc1+ 52. Kf2 d2
0-1

[Event "4NCL/Div4/NOTT vs. SLO3"]
[Site "West Bromwich ENG"]
[Date "2004.05.31"]
[Round "9.1"]
[White "Barnes, Michael H"]
[Black "Gough, Michael J"]
[Result "1/2-1/2"]
[WhiteElo "2262"]
[BlackElo "2153"]
[PlyCount "30"]
[EventDate "2004.05.31"]

1. d4 Nf6 2. Nf3 d6 3. c4 Nbd7 4. Nc3 e5 5. Bg5 Be7 6. e3 O-O 7. b4 Re8 8. Be2
c6 9. Qb3 Qc7 10. O-O Nf8 11. Rac1 h6 12. Bh4 Ng6 13. Bg3 Nh5 14. c5 Nxg3 15.
hxg3 exd4 1/2-1/2

[Event "4NCL/Div4/NOTT vs. SLO3"]
[Site "West Bromwich ENG"]
[Date "2004.05.31"]
[Round "9.2"]
[White "Redpath, Joseph"]
[Black "Truman, Richard G"]
[Result "1-0"]
[WhiteElo "2210"]
[BlackElo "2023"]
[PlyCount "55"]
[EventDate "2004.05.31"]

1. d4 Nf6 2. Nf3 g6 3. Nc3 Bg7 4. e4 d6 5. Be3 Nc6 6. Bb5 O-O 7. O-O Bd7 8. d5
Nb8 9. Be2 b5 10. a3 c5 11. Nd2 a6 12. f4 e6 13. dxe6 fxe6 14. Bf3 Bc6 15. e5
Nd5 16. Nxd5 exd5 17. c3 Re8 18. Nb3 dxe5 19. fxe5 Rxe5 20. Bxc5 Nd7 21. Bd4
Rf5 22. Bxg7 Kxg7 23. Nd4 Qb6 24. Kh1 Re5 25. Bg4 Nc5 26. Qf3 Qc7 27. Qf6+ Kg8
28. Qxc6 1-0

[Event "4NCL/Div4/NOTT vs. SLO3"]
[Site "West Bromwich ENG"]
[Date "2004.05.31"]
[Round "9.3"]
[White "Webster, Richard J"]
[Black "Payne, Nick"]
[Result "1/2-1/2"]
[WhiteElo "2031"]
[BlackElo "2088"]
[PlyCount "82"]
[EventDate "2004.05.31"]

1. c4 Nf6 2. Nc3 d5 3. cxd5 Nxd5 4. Nf3 g6 5. Qb3 c6 6. Nxd5 cxd5 7. Qc3 f6 8.
g3 Nc6 9. Bg2 e5 10. O-O Qb6 11. d3 Be6 12. a3 Rc8 13. Qd2 Na5 14. Qd1 Nb3 15.
Rb1 Bd6 16. Bh6 Kf7 17. Be3 d4 18. Bd2 Kg7 19. Ne1 Rc7 20. f4 Rf8 21. fxe5 Bxe5
22. Nf3 Bd6 23. Bf4 Bxf4 24. gxf4 Qd6 25. f5 Bd5 26. Nd2 Bxg2 27. Kxg2 Nxd2 28.
Qxd2 Qc6+ 29. Rf3 Qc2 30. Qxc2 Rxc2 31. Kf1 Re8 32. Rf2 gxf5 33. Ke1 Re5 34.
Kd1 Rc8 35. Rf4 Rce8 36. Rf2 f4 37. Rc1 R8e7 38. Rc4 Rd7 39. Rxf4 Red5 40. Kd2
b5 41. Rc6 R7d6 1/2-1/2

[Event "4NCL/Div4/NOTT vs. SLO3"]
[Site "West Bromwich ENG"]
[Date "2004.05.31"]
[Round "9.4"]
[White "Cox, Tristan"]
[Black "Thompson, Brian"]
[Result "0-1"]
[WhiteElo "2064"]
[BlackElo "1856"]
[PlyCount "112"]
[EventDate "2004.05.31"]

1. e4 c5 2. Nf3 d6 3. d4 cxd4 4. Nxd4 Nf6 5. Nc3 g6 6. Be3 Bg7 7. f3 O-O 8. Qd2
Nc6 9. O-O-O Bd7 10. Bc4 Qa5 11. Kb1 Ne5 12. Bb3 Rfc8 13. Bg5 Rc5 14. Bxf6 Bxf6
15. Nd5 Qxd2 16. Nxf6+ Kg7 17. Nh5+ gxh5 18. Rxd2 Nc4 19. Bxc4 Rxc4 20. b3 Rc5
21. c4 Rac8 22. h4 a6 23. Re1 f6 24. Kb2 Kf7 25. Ne2 b5 26. cxb5 Bxb5 27. Nf4
Bc6 28. Nd3 Rb5 29. Rc1 Rbb8 30. Nf4 Bd7 31. Rxc8 Rxc8 32. Nxh5 Rc5 33. Nf4 f5
34. Rd5 Rxd5 35. Nxd5 fxe4 36. fxe4 Ke6 37. Kc3 Ke5 38. Kd3 Bb5+ 39. Ke3 e6 40.
Nc7 Bf1 41. g4 d5 42. exd5 exd5 43. Kf2 Bd3 44. Kg3 Kd6 45. Ne8+ Ke7 46. Ng7
Kf6 47. Nh5+ Ke5 48. g5 Bb1 49. a3 Kd4 50. Nf4 Be4 51. h5 Kc3 52. h6 d4 53. g6
Bxg6 54. Nxg6 d3 55. Nf4 d2 56. Ne2+ Kb2 0-1

[Event "4NCL/Div4/NOTT vs. SLO3"]
[Site "West Bromwich ENG"]
[Date "2004.05.31"]
[Round "9.5"]
[White "Edwards, H Richard"]
[Black "Tweedie, Chris"]
[Result "0-1"]
[WhiteElo "1736"]
[BlackElo "2039"]
[PlyCount "99"]
[EventDate "2004.05.31"]

1. d4 d5 2. Nf3 Nf6 3. e3 g6 4. c4 c6 5. Nc3 Bg7 6. Bd3 O-O 7. O-O a6 8. cxd5
cxd5 9. h3 Nc6 10. Bd2 Qd6 11. Rc1 e5 12. dxe5 Nxe5 13. Nxe5 Qxe5 14. f4 Qd6
15. Ne2 Ne4 16. Bxe4 dxe4 17. Bc3 Qb6 18. Bd4 Bxd4 19. Qxd4 Qa5 20. Rc5 Qxa2
21. Ng3 f5 22. Rc7 Rf7 23. Rfc1 Be6 24. Ne2 Qa5 25. Qd6 Qd5 26. Qb6 Rd8 27. Nd4
Rd6 28. Qa7 Rdd7 29. Rc8+ Rf8 30. Rxf8+ Kxf8 31. Qb8+ Kg7 32. Rc8 Bf7 33. g4
fxg4 34. hxg4 Qd6 35. Qa7 Qb4 36. Rc2 Qe7 37. Qb6 Qf6 38. Qb4 Qh4 39. Rg2 Rc7
40. Qd2 Qe7 41. Qf2 h6 42. g5 hxg5 43. Rxg5 Rc5 44. Rg3 Rh5 45. f5 Qh4 46. Qg2
g5 47. Nc2 Kf6 48. Rg4 Qh3 49. Qxh3 Rxh3 50. Nd4 0-1

[Event "4NCL/Div4/NOTT vs. SLO3"]
[Site "West Bromwich ENG"]
[Date "2004.05.31"]
[Round "9.6"]
[White "Payne, Oliver R"]
[Black "Graham, Neil"]
[Result "1-0"]
[WhiteElo "2033"]
[BlackElo "1736"]
[PlyCount "79"]
[EventDate "2004.05.31"]

1. e4 e5 2. Nf3 Nf6 3. d3 Nc6 4. c3 d5 5. Qc2 dxe4 6. dxe4 Bc5 7. Be2 O-O 8.
Bg5 b6 9. Nbd2 Bb7 10. O-O Qe7 11. b4 Bd6 12. Nc4 Nd8 13. Bd3 Ne6 14. Bd2 Nd7
15. Ne3 g6 16. Rfe1 Nf4 17. Bc4 Nf6 18. Nf1 Ne6 19. Ng3 Rac8 20. h4 c5 21. b5
Ra8 22. a4 a6 23. Ng5 Ng7 24. Rad1 h6 25. Nh3 Kh7 26. Qd3 axb5 27. axb5 Rfd8
28. Qf3 Ra4 29. Qe2 Bc8 30. Ra1 Rxa1 31. Rxa1 Be6 32. Bxe6 Qxe6 33. Bxh6 Qb3
34. Bg5 Qxc3 35. Ra7 Rd7 36. Ra8 Nge8 37. h5 Be7 38. hxg6+ fxg6 39. Be3 Ng7 40.
Ng5+ 1-0

[Event "4NCL/Div4/MIN2 vs. AD3"]
[Site "West Bromwich ENG"]
[Date "2004.05.31"]
[Round "9.1"]
[White "Hardman, Michael J"]
[Black "Graham, Louis"]
[Result "1/2-1/2"]
[WhiteElo "2107"]
[BlackElo "1560"]
[PlyCount "42"]
[EventDate "2004.05.31"]

1. d4 d5 2. Nf3 Nf6 3. g3 e6 4. Bg2 Be7 5. O-O O-O 6. c4 c6 7. cxd5 exd5 8. Nc3
Nbd7 9. a3 Nb6 10. Na4 Nxa4 11. Qxa4 Be6 12. Bd2 Qd7 13. Ne5 Qc8 14. Rfc1 Rd8
15. Bb4 Bxb4 16. axb4 a6 17. Nd3 Qd7 18. Qd1 Qe7 19. Nc5 Bf5 20. Rc3 Rab8 21.
Re3 Qd6 1/2-1/2

[Event "4NCL/Div4/MIN2 vs. AD3"]
[Site "West Bromwich ENG"]
[Date "2004.05.31"]
[Round "9.2"]
[White "Somerfield, Adrian"]
[Black "Horton, Justin"]
[Result "0-1"]
[WhiteElo "1480"]
[BlackElo "2056"]
[PlyCount "70"]
[EventDate "2004.05.31"]

1. e4 e6 2. d3 d5 3. Nd2 c5 4. Ngf3 Nc6 5. g3 g6 6. Bg2 Bg7 7. O-O Nge7 8. Re1
O-O 9. h4 b6 10. Nf1 Bb7 11. e5 Nf5 12. N1h2 h6 13. Ng4 b5 14. Bd2 h5 15. Bg5
hxg4 16. Bxd8 gxf3 17. Bxf3 Raxd8 18. h5 Nxe5 19. Bg2 gxh5 20. Qxh5 Ng6 21.
Rad1 Bc8 22. Bh3 Nd4 23. Rc1 e5 24. Bg2 e4 25. dxe4 Ne5 26. Kf1 Bg4 27. Qg5
Ndf3 28. Bxf3 Nxf3 29. Qf4 Bh3+ 30. Ke2 Nxe1 31. Rxe1 dxe4 32. Rh1 Bg2 33. Rc1
Rd5 34. Rg1 Bf3+ 35. Ke3 Bd4+ 0-1

[Event "4NCL/Div4/MIN2 vs. AD3"]
[Site "West Bromwich ENG"]
[Date "2004.05.31"]
[Round "9.3"]
[White "Parker, Robert"]
[Black "Allen, Syd A"]
[Result "1-0"]
[WhiteElo "2105"]
[BlackElo "1336"]
[PlyCount "81"]
[EventDate "2004.05.31"]

1. d4 a6 2. e4 d6 3. f4 Nf6 4. Bd3 e6 5. Nf3 h6 6. O-O Be7 7. Nc3 b5 8. Qe2 Bb7
9. e5 Nd5 10. Bd2 Nb4 11. Ne4 Nxd3 12. Qxd3 d5 13. Ng3 c5 14. c3 c4 15. Qc2 Nd7
16. f5 exf5 17. Qxf5 f6 18. Qg6+ Kf8 19. e6 Qe8 20. Qxe8+ Kxe8 21. exd7+ Kxd7
22. Nf5 g6 23. Nxe7 Kxe7 24. Rae1+ Kf7 25. Re2 Rhe8 26. Rfe1 Rxe2 27. Rxe2 g5
28. Be1 Re8 29. Rxe8 Kxe8 30. Bg3 Ke7 31. Nd2 f5 32. Be5 h5 33. Nf3 g4 34. Nh4
Bc8 35. Kf2 Kf7 36. Ke3 a5 37. Kf4 b4 38. Nxf5 Bxf5 39. Kxf5 Ke7 40. Kg5 b3 41.
a4 1-0

[Event "4NCL/Div4/MIN2 vs. AD3"]
[Site "West Bromwich ENG"]
[Date "2004.05.31"]
[Round "9.4"]
[White "Nixon, Peter"]
[Black "Twitchell, Neville H"]
[Result "0-1"]
[WhiteElo "1296"]
[BlackElo "2003"]
[PlyCount "110"]
[EventDate "2004.05.31"]

1. e4 c5 2. Nf3 d6 3. Bc4 e6 4. d3 a6 5. a3 b5 6. Ba2 Bb7 7. Bg5 Qc7 8. Bf4 Nd7
9. Nbd2 Ngf6 10. h3 Be7 11. Nh2 O-O 12. Bg5 Rfe8 13. Ng4 Rac8 14. Rc1 c4 15.
dxc4 Nxe4 16. Bxe7 Rxe7 17. Nxe4 Bxe4 18. Ne3 Ne5 19. cxb5 Qa5+ 20. Ke2 Qxb5+
21. c4 Qxb2+ 22. Qd2 Rb7 23. Bb1 Bg6 24. Bxg6 hxg6 25. Rc3 Qxd2+ 26. Kxd2 Rb2+
27. Kc1 Rcb8 28. Rd1 Rb1+ 29. Kd2 R8b2+ 30. Ke1 Nd7 31. Rxb1 Rxb1+ 32. Kd2 Rb2+
33. Nc2 Nc5 34. f3 Kf8 35. Kc1 Rb6 36. Nb4 Ke7 37. Kc2 Kd7 38. Na2 Na4 39. Rb3
Kc7 40. Rb4 Nc5 41. Nc3 Kc6 42. Ne2 Kc7 43. Nc3 Kb7 44. Ne2 a5 45. Rxb6+ Kxb6
46. Nd4 Nd7 47. Kc3 e5 48. Ne2 Nc5 49. Ng3 f5 50. Ne2 Kc6 51. Nc1 d5 52. cxd5+
Kxd5 53. Ne2 Ne6 54. Kd3 Kc5 55. Nc3 Nf4+ 0-1